000
00307nam a22001337a 4500
008
180301b xxu||||| |||| 00| 0 eng d
020
_a
9780205261413
041
_a
eng
080
_2
3rd
_a
37
100
_a
25
101
_a
EDU
245
_a
Conversations readings for writing
_c
Davis,R.S
942
_2
udc
_c
BK
999
_c
43828
_d
43828